Decision points (Record no. 441201)

000 -LEADER
fixed length control field 00431cam a22001457a 4500
008 - FIXED-LENGTH DATA ELEMENTS--GENERAL INFORMATION
fixed length control field 180718b2010 xxu||||| |||| 00| 0 eng d
020 ## - INTERNATIONAL STANDARD BOOK NUMBER
International Standard Book Number 9780753539668
082 ## - DEWEY DECIMAL CLASSIFICATION NUMBER
Classification number A6x73 B963
100 ## - MAIN ENTRY--PERSONAL NAME
Personal name Bush, George W.
245 ## - TITLE STATEMENT
Title Decision points
Statement of responsibility, etc. by George W. Bush
260 ## - PUBLICATION, DISTRIBUTION, ETC.
Place of publication, distribution, etc.
Name of publisher, distributor, etc. Virgin Books
Date of publication, distribution, etc. 2010
300 ## - PHYSICAL DESCRIPTION
Extent 497p.
650 ## - SUBJECT ADDED ENTRY--TOPICAL TERM
Topical term or geographic name entry element United States --Politics and government --2001-2009
650 ## - SUBJECT ADDED ENTRY--TOPICAL TERM
Topical term or geographic name entry element Bush, George W. (George Walker), 1946-
Holdings
Withdrawn status Lost status Damaged status Not for loan Permanent Location Current Location Date acquired Full call number Barcode Date last seen Price effective from Koha item type
        Indian Institute of Public Administration Indian Institute of Public Administration 2010-12-08 A6x73 B963 84216 2018-07-21 2018-07-21 Book

Powered by Koha